00947nam a2200217 i 450000100060000000300090000600500170001500700030003200800410003508000230007610000290009924503150012826000790044330000210052260000410054363000200058470000260060471000560063085200220068685200210070881883ES-MaACL20230906174530.0t|041108s1967 sp |||| |dspa d a34(460)"12"(094.4)1 aIglesias Corral, Manuel.14aLos grandes jurisconsultos gallegos b: Bernardo el Compostelano, el Joven : (la problemática gallega en el Código de las Siete Partidas) : discurso / cleído el 10 de agosto de 1967 en la solemne sesión de apertura, por su presidente... Manuel Iglesias Corral, y contestación... Luis Legaz Lacambra. aLa Coruña : bAcademia Gallega de Jurisprudencia y Legislación,c1967. a78 p. ; c27 cm.14aBernardo el Compostelano cEl Joven.04aSiete partidas.1 aLegaz Lacambra, Luis.2 aAcademia Gallega de Jurisprudencia y Legislación.4 aES-MaACLjC-329504 aES-MaACLjL-7570